000 00962cab a2200205 4500
001 L130687
008 050824n2005 000 0 eng u
035 _a(Sirsi) u130687
041 _aeng
110 _aConstruction Confederation
_93647
245 _aGovernment investment sustains construction growth
260 _c2005
490 _aConstruction Confederation News Release
_v5 August 2005 (3)
520 _aAccording to the "Construction industry trade surveys" published by Construction Confederation and the Construction Products Association, overall construction output rose slowly in the second quarter. The weak growth was mostly sustained by government investment.
590 _aIKA300805
690 _aBUILT ENVIRONMENT-CONSTRUCTION MARKET
710 _aConstruction Products Association
_94104
856 _uhttps://www.thecc.org.uk/downloads/2005%20Q2%20press%20release.pdf
_zView the item free of charge at www.thecc.org.uk...
942 _n0
999 _c75774
_d75774